Southville International School and Colleges
Your cart is empty.
  • Cart
  • Lists
    Public lists Eva Luna New books Lux_list list_1
    Your lists Log in to create your own lists
  • Log in to your account
  • Your cookies
  • Search history
Southville International School and Colleges
  • Advanced search
  • Recent comments
  • Most popular
  • Libraries

Log in to your account

Log in with GOOGLE


If you do not have an external account, but do have a local account, you can still log in:

  1. Home
  2. MARC view: Mood disorders diagnosis and treatment
Normal view MARC view ISBD view

Mood disorders diagnosis and treatment (Record no. 366288)

[ view plain ]
MARC details
000 -LEADER
fixed length control field 00675nam a22002177a 4500
003 - CONTROL NUMBER IDENTIFIER
control field 0
005 - DATE AND TIME OF LATEST TRANSACTION
control field 20240920135843.0
008 - FIXED-LENGTH DATA ELEMENTS--GENERAL INFORMATION
fixed length control field 240920b xxu||||| |||| 00| 0 eng d
020 ## - INTERNATIONAL STANDARD BOOK NUMBER
International Standard Book Number 978-19-167841-8-5
050 ## - LIBRARY OF CONGRESS CALL NUMBER
Classification number RC 483
Item number .D38 2024
100 ## - MAIN ENTRY--PERSONAL NAME
Personal name Davis, Hanry
245 ## - TITLE STATEMENT
Title Mood disorders diagnosis and treatment
Statement of responsibility, etc Hanry Davis
250 ## - EDITION STATEMENT
Edition statement First edition
260 ## - PUBLICATION, DISTRIBUTION, ETC. (IMPRINT)
Place of publication, distribution, etc London, United Kingdom
Name of publisher, distributor, etc Vintage Press Ltd.
Date of publication, distribution, etc 2024
300 ## - PHYSICAL DESCRIPTION
Extent xi, 300 pages :
Other physical details black and white pictures ;
Dimensions 25cm.
504 ## - BIBLIOGRAPHY, ETC. NOTE
Bibliography, etc Includes bibliographical references and index.
650 ## - SUBJECT ADDED ENTRY--TOPICAL TERM
Topical term or geographic name as entry element Mood disorders.
650 ## - SUBJECT ADDED ENTRY--TOPICAL TERM
Topical term or geographic name as entry element Mood--Psychology.
650 ## - SUBJECT ADDED ENTRY--TOPICAL TERM
Topical term or geographic name as entry element Mood--Treatment.
942 ## - ADDED ENTRY ELEMENTS (KOHA)
Source of classification or shelving scheme Library of Congress Classification
Koha item type Books
Holdings
Withdrawn status Lost status Source of classification or shelving scheme Damaged status Home library Current library Shelving location Date acquired Source of acquisition Sub Shelving location Total Checkouts Full call number Barcode Date last seen Price effective from Koha item type
    Library of Congress Classification   College Library College Library Reserve Section 09/20/2024 Library Fund     RC 483 .D38 2024 C23676 09/20/2024 09/20/2024 Books

Mood disorders diagnosis and treatment

APA

Davis H., . (2024). Mood disorders diagnosis and treatment. London, United Kingdom: Vintage Press Ltd.

Chicago

Davis Hanry, . 2024. Mood disorders diagnosis and treatment. London, United Kingdom: Vintage Press Ltd.

Harvard

Davis H., . (2024). Mood disorders diagnosis and treatment. London, United Kingdom: Vintage Press Ltd.

MLA

Davis Hanry, . Mood disorders diagnosis and treatment. London, United Kingdom: Vintage Press Ltd. 2024.

  • Place hold
  • Print
  • Cite
  • Add to your cart (remove)
  • Save record
    BIBTEX Dublin Core MARCXML MARC (non-Unicode/MARC-8) MARC (Unicode/UTF-8) MARC (Unicode/UTF-8, Standard) MODS (XML) RIS
  • More searches
    Search for this title in:
    Other Libraries (WorldCat) Other Databases (Google Scholar) Online Stores (Bookfinder.com) Open Library (openlibrary.org)

Exporting to Dublin Core...

SOUTHVILLE LIBRARY

Southville International School and Colleges Library

1281 Tropical Ave. Cor. Luxembourg St., BF Homes International, Las Pinas City

Tel. No. 8256374 / 252358 Loc. 117/146

Powered by Koha